Welcome to the Holygrace Academy Library

Please use search bar below to get started

THE WHITE TIGER (Record no. 2564)

MARC details
000 -LEADER
fixed length control field 00583nam a22001457a 4500
020 ## - INTERNATIONAL STANDARD BOOK NUMBER
ISBN 978-81-7223-847-6
082 ## - DEWEY DECIMAL CLASSIFICATION NUMBER
Classification number 823
Item number ADI/W
100 ## - MAIN ENTRY--AUTHOR NAME
Personal name ADIGA, ARAVIND
245 ## - TITLE STATEMENT
Title THE WHITE TIGER
260 ## - PUBLICATION, DISTRIBUTION, ETC. (IMPRINT)
Place of publication DELHI
Name of publisher HARPER COLLINS INDIA
Year of publication 2009
300 ## - PHYSICAL DESCRIPTION
Number of Pages 321
520 ## - SUMMARY, ETC.
Summary, etc The novel provides a darkly humorous perspective of India's class struggle in a globalized world as told through a retrospective narration from Balram Halwai, a village boy. The novel examines issues of the Hindu religion, caste, loyalty, corruption and poverty in India.
650 ## - SUBJECT ADDED ENTRY--TOPICAL TERM
Topical Term NOVEL
Geographic subdivision INDIA
942 ## - ADDED ENTRY ELEMENTS (KOHA)
Koha item type Books
Holdings
Withdrawn status Lost status Collection code Home library Current library Shelving location Date acquired Source of acquisition Cost, normal purchase price Full call number Accession Number Koha item type
    Fiction Main Library Main Library SHELF-14A -ALPHABETICAL -A--ENGLISH NOVELS & FICTIONS 24/06/2010 purchase 299.00 823 ADI/W 05497 Books
    Fiction Main Library Main Library SHELF-14A -ALPHABETICAL -A--ENGLISH NOVELS & FICTIONS 16/01/2019 purchase 350.00 823 ADI/W 10452 Books